| 000 -LEADER | |
|---|---|
| fixed length control field | 00686nam a22002297a 4500 |
| 005 - DATE AND TIME OF LATEST TRANSACTION | |
| control field | 20250420134813.0 |
| 008 - FIXED-LENGTH DATA ELEMENTS--GENERAL INFORMATION | |
| fixed length control field | 200726b ||||| |||| 00| 0 eng d |
| 020 ## - INTERNATIONAL STANDARD BOOK NUMBER | |
| International Standard Book Number | 9780128148815 |
| 040 ## - CATALOGING SOURCE | |
| Transcribing agency | KCST |
| 082 ## - DEWEY DECIMAL CLASSIFICATION NUMBER | |
| Classification number | 621.312134 |
| Item number | Kh Ti |
| 100 ## - MAIN ENTRY--PERSONAL NAME | |
| Personal name | Khare, Vilas |
| 9 (RLIN) | 4718 |
| 245 ## - TITLE STATEMENT | |
| Title | Tidal energy systems |
| Remainder of title | design, optimization and control / |
| Statement of responsibility, etc. | Vilas Khare, Cheshta Khare, Savita Nema, Prashant Baredar. |
| 260 ## - PUBLICATION, DISTRIBUTION, ETC. | |
| Place of publication, distribution, etc. | Amsterdam: |
| Name of publisher, distributor, etc. | Elsevier; |
| Date of publication, distribution, etc. | 2019. |
| 300 ## - PHYSICAL DESCRIPTION | |
| Extent | 720 p. |
| 650 ## - SUBJECT ADDED ENTRY--TOPICAL TERM | |
| Topical term or geographic name entry element | Tidal power. |
| 9 (RLIN) | 4719 |
| 650 ## - SUBJECT ADDED ENTRY--TOPICAL TERM | |
| Topical term or geographic name entry element | Tidal power-plants. |
| 9 (RLIN) | 4720 |
| 700 ## - ADDED ENTRY--PERSONAL NAME | |
| Personal name | Khare, Cheshta |
| 9 (RLIN) | 4721 |
| 700 ## - ADDED ENTRY--PERSONAL NAME | |
| Personal name | Nema, Savita |
| 9 (RLIN) | 4722 |
| 700 ## - ADDED ENTRY--PERSONAL NAME | |
| Personal name | Baredar, Prashant |
| 9 (RLIN) | 4723 |
| 942 ## - ADDED ENTRY ELEMENTS (KOHA) | |
| Koha item type | Book |
| 942 ## - ADDED ENTRY ELEMENTS (KOHA) | |
| Source of classification or shelving scheme | Dewey Decimal Classification |
| Withdrawn status | Lost status | Source of classification or shelving scheme | Damaged status | Not for loan | Home library | Current library | Date acquired | Cost, normal purchase price | Total checkouts | Full call number | Barcode | Date last seen | Price effective from | Koha item type |
|---|---|---|---|---|---|---|---|---|---|---|---|---|---|---|
| Dewey Decimal Classification | KCST Library | KCST Library | 26/07/2020 | 60.00 | 621.312 Kh Ti | 1000000720 | 26/07/2020 | 26/07/2020 | Book |